Por mão própria (Registo nº 201157)
[ vista simples ]
| 000 -Etiqueta do registo | |
|---|---|
| Valores | 00753nam 22002533 4500 |
| 010 ## - Número ISBN | |
| ISBN | 972-46-0988-X |
| 021 ## - Número do Depósito Legal | |
| Número | 137 134/99 |
| 100 ## - Dados gerais de processamento | |
| Dados gerais | 20250116d u||y0pory50 ba |
| 101 ## - Língua de publicação | |
| Língua | Português |
| 102 ## - País de publicação | |
| País | Portugal |
| 200 ## - Titulo e menção de responsabilidade | |
| Título próprio | Por mão própria |
| Primeira menção de responsabilidade | Luís Carmelo |
| Informação de outro título | ilustrações de Daniel Lima |
| 205 ## - Menção da edição | |
| Edição | 1ª |
| 210 ## - Publicação | |
| Local de publicação | Lisboa |
| Nome do editor | Abysmo |
| Data de publicação | 2016 |
| 215 ## - Descrição física | |
| Paginação / Volumes | 108, [2] p. |
| Outras indicações físicas | il. ; brochado |
| Dimensões | 18 cm |
| 317 ## - Nota de proveniência | |
| Texto da nota | . - Oferta com dedicatória do escritor ao Prof. Dr. Almeida Faria |
| 606 ## - Nome comum usado como assunto | |
| Palavra de ordem | Literatura Portuguesa |
| ID Autoridade | 6 |
| 675 ## - CDU | |
| Notação | 821.134.3-3 |
| Edição | PT |
| Língua | por |
| 700 ## - Autor principal (pessoa individual) | |
| ID Autoridade | 3666 |
| Apelido | Carmelo |
| Nome | Luís |
| Datas | 1954-2023 |
| 702 ## - Autor secundário (pessoa individual) | |
| ID Autoridade | 16787 |
| Apelido | Lima |
| Nome | Daniel |
| Datas | 1971- |
| 801 ## - Fonte de origem | |
| País | PT |
| Agência | BMMN |
| Regras de catalogação | RPC |
| 830 ## - Notas gerais do catalogador | |
| Criado por | Ana Falardo |
| Indexado por | Ana Falardo |
| 990 ## - Elementos KOHA | |
| Tipo de documento | Livro |
| Situação do levantamento | Biblioteca de origem | Código de barras | Cota | Permissão de empréstimo | Tipo de documento | Nota relativa ao exemplar | Forma de aquisição |
|---|---|---|---|---|---|---|---|
| Biblioteca Municipal de Montemor-o-Novo | 30445 | 821.134.3-3 CAR|SAF | Livro | Acesso condicionado | Oferta |